000 00519pab a2200181 454500
008 180718b2007 xxu||||| |||| 00| 0 eng d
100 _aWong, H.K.
245 _aConsumerism and quality standards for subvented social services: a case study of Hong Kong
260 _c2007
300 _ap.441-58.
362 _aMar
650 _aSocial services - Hong Kong
650 _aConsumers - Hong Kong
650 _aConsumers
773 _aInternational Journal of Public Administration
908 _aN
909 _a74935
999 _c74935
_d74935